000 00718nam a2200205Ia 4500
005 20241129110152.0
008 241129s9999||||xx |||||||||||||| ||und||
037 _aTB
040 _aARTS
_bpun
_cARTS
041 _apun
_2pun
084 _aQ8441xI69 153R3
_qARTS
100 _aਸਿੰਘ, ਰਾਮ, ਚ।
245 0 _aਗੁਰੂ ਨਾਨਕ ਬਾਣੀ: ਪਰਖ ਤੇ ਸਮਝ
_cਸਿੰਘ, ਰਾਮ, ਚ।
260 _aਅੰਮ੍ਰਿਤਸਰ, ਭਾਰਤ
_bਅੰਮ੍ਰਿਤਸਰ ਸਿੰਘ ਬ੍ਰਦਰਜ਼
_c2023
300 _a176ਪ੍ਰ0
365 _aINR
_b300
650 _aSikkhism
_9726471
942 _cTB
_hQ8441xI69 153R3
999 _c1227581
_d1227581